Heisman Trophy Voting (2010-2025) - Statistics

General Stats
  • This quiz has been taken 128 times
    23 since last reset
  • The average score is 89 of 160
Answer Stats
Year Place Team Position Answer % Correct
2022 1. USC QB Caleb Williams
93%
2020 1. Alabama WR DeVonta Smith
93%
2025 6. Ohio State WR Jeremiah Smith
93%
2013 4. Boston College RB Andre Williams
87%
2017 2. Stanford RB Bryce Love
87%
2024 4. Miami (FL) QB Cam Ward
87%
2023 1. LSU QB Jayden Daniels
87%
2025 3. Notre Dame RB Jeremiyah Love
87%
2018 8. Alabama DT Quinnen Williams
87%
2017 10. Georgia LB Roquan Smith
87%
2024 1. Colorado WR/DB Travis Hunter
87%
2019 7. Clemson QB Trevor Lawrence
87%
2020 2. Clemson QB Trevor Lawrence
87%
2015 4. Oklahoma QB Baker Mayfield
80%
2016 3. Oklahoma QB Baker Mayfield
80%
2017 1. Oklahoma QB Baker Mayfield
80%
2021 1. Alabama QB Bryce Young
80%
2022 6. Alabama QB Bryce Young
80%
2025 1. Indiana QB Fernando Mendoza
80%
2012 10. Georgia LB Jarvis Jones
80%
2019 1. LSU QB Joe Burrow
80%
2018 1. Oklahoma QB Kyler Murray
80%
2020 3. Alabama QB Mac Jones
80%
2022 8. Washington QB Michael Penix Jr.
80%
2023 2. Washington QB Michael Penix Jr.
80%
2020 5. Alabama RB Najee Harris
80%
2024 8. Colorado QB Shedeur Sanders
80%
2025 8. Ole Miss QB Trinidad Chambliss
80%
2010 2. Stanford QB Andrew Luck
73%
2011 2. Stanford QB Andrew Luck
73%
2024 2. Boise State RB Ashton Jeanty
73%
2023 3. Oregon QB Bo Nix
73%
2010 1. Auburn QB Cam Newton
73%
2019 4. Ohio State DE Chase Young
73%
2015 2. Stanford RB Christian McCaffrey
73%
2016 9. Stanford RB Christian McCaffrey
73%
2025 2. Vanderbilt QB Diego Pavia
73%
2024 3. Oregon QB Dillon Gabriel
73%
2022 10. North Carolina QB Drake Maye
73%
2025 7. Georgia QB Gunner Stockton
73%
2025 10. Georgia Tech QB Haynes King
73%
2019 2. Oklahoma QB Jalen Hurts
73%
2019 3. Ohio State QB Justin Fields
73%
2020 7. Ohio State QB Justin Fields
73%
2024 10. Syracuse QB Kyle McCord
73%
2016 1. Louisville QB Lamar Jackson
73%
2017 3. Louisville QB Lamar Jackson
73%
2014 1. Oregon QB Marcus Mariota
73%
2023 4. Ohio State WR Marvin Harrison Jr.
73%
2011 6. USC QB Matt Barkley
73%
2017 4. Penn State RB Saquon Barkley
73%
2022 4. Georgia QB Stetson Bennett IV
73%
2024 7. Penn State TE Tyler Warren
73%
2022 9. Texas RB Bijan Robinson
67%
2020 6. Iowa State RB Breece Hall
67%
2021 10. Iowa State RB Breece Hall
67%
2024 5. Arizona State RB Cam Skattebo
67%
2021 4. Ohio State QB CJ Stroud
67%
2022 3. Ohio State QB CJ Stroud
67%
2010 6. Michigan QB Denard Robinson
67%
2015 1. Alabama RB Derrick Henry
67%
2025 5. Texas Tech LB Jacob Rodriguez
67%
2013 1. Florida State QB Jameis Winston
67%
2014 6. Florida State QB Jameis Winston
67%
2017 6. Wisconsin RB Jonathan Taylor
67%
2018 9. Wisconsin RB Jonathan Taylor
67%
2019 5. Wisconsin RB Jonathan Taylor
67%
2025 4. Ohio State QB Julian Sayin
67%
2021 3. Pittsburgh QB Kenny Pickett
67%
2022 2. TCU QB Max Duggan
67%
2014 2. Wisconsin RB Melvin Gordon
67%
2023 7. Oklahoma State RB Ollie Gordon
67%
2011 1. Baylor QB Robert Griffin III
67%
2011 9. Wisconsin QB Russell Wilson
67%
2018 2. Alabama QB Tua Tagovailoa
67%
2019 10. Alabama QB Tua Tagovailoa
67%
2020 8. BYU QB Zach Wilson
67%
2021 2. Michigan DL Aidan Hutchinson
60%
2022 7. Michigan RB Blake Corum
60%
2023 9. Michigan RB Blake Corum
60%
2015 3. Clemson QB Deshaun Watson
60%
2016 2. Clemson QB Deshaun Watson
60%
2018 3. Ohio State QB Dwayne Haskins
60%
2023 6. Alabama QB Jalen Milroe
60%
2023 10. Michigan QB JJ McCarthy
60%
2012 1. Texas A&M QB Johnny Manziel
60%
2013 5. Texas A&M QB Johnny Manziel
60%
2023 5. Florida State QB Jordan Travis
60%
2021 6. Michigan State RB Kenneth Walker III
60%
2017 9. Auburn RB Kerryon Johnson
60%
2015 8. Ohio State RB Ezekiel Elliott
53%
2022 5. Tennessee QB Hendon Hooker
53%
2012 8. West Virginia WR Tavon Austin
53%
2013 2. Alabama QB AJ McCarron
47%
2025 9. Ohio State DB Caleb Downs
47%
2021 8. Cincinnati QB Desmond Ridder
47%
2016 7. Alabama DL Jonathan Allen
47%
2010 4. Boise State QB Kellen Moore
47%
2011 8. Boise State QB Kellen Moore
47%
2024 9. Indiana QB Kurtis Rourke
47%
2020 10. Florida TE Kyle Pitts
47%
2020 4. Florida QB Kyle Trask
47%
2010 3. Oregon RB LaMichael James
47%
2011 10. Oregon RB LaMichael James
47%
2012 2. Notre Dame LB Manti Te'o
47%
2018 7. Clemson RB Travis Etienne
47%
2019 9. Clemson RB Travis Etienne
47%
2014 3. Alabama WR Amari Cooper
40%
2010 9. TCU QB Andy Dalton
40%
2015 9. Michigan State QB Connor Cook
40%
2014 8. Mississippi State QB Dak Prescott
40%
2015 7. Florida State RB Dalvin Cook
40%
2013 8. Fresno State QB Derek Carr
40%
2020 9. Notre Dame QB Ian Book
40%
2012 6. South Carolina DL Jadeveon Clowney
40%
2021 9. Georgia DL Jordan Davis
40%
2021 7. Ole Miss QB Matt Corral
40%
2011 3. Alabama RB Trent Richardson
40%
2014 4. TCU QB Trevone Boykin
40%
2015 10. TCU QB Trevone Boykin
40%
2011 5. LSU DB Tyrann Mathieu
40%
2021 5. Alabama LB Will Anderson Jr.
40%
2018 4. West Virginia QB Will Grier
40%
2012 5. Ohio State QB Braxton Miller
33%
2013 9. Ohio State QB Braxton Miller
33%
2011 7. Houston QB Case Keenum
33%
2019 8. Oklahoma State RB Chuba Hubbard
33%
2018 5. Washington State QB Gardner Minshew
33%
2012 7. Northern Illinois QB Jordan Lynch
33%
2013 3. Northern Illinois QB Jordan Lynch
33%
2010 5. Oklahoma State WR Justin Blackmon
33%
2017 7. Oklahoma State QB Mason Rudolph
33%
2017 5. San Diego State RB Rashaad Penny
33%
2024 6. Army QB Bryson Daily
27%
2012 3. Kansas State QB Collin Klein
27%
2016 4. Oklahoma WR Dede Westbrook
27%
2016 5. Michigan DB Jabrill Peppers
27%
2019 6. Ohio State RB JK Dobbins
27%
2014 5. Ohio State QB JT Barrett
27%
2015 5. Navy QB Keenan Reynolds
27%
2015 6. LSU RB Leonard Fournette
27%
2012 4. USC WR Marqise Lee
27%
2017 8. UCF QB McKenzie Milton
27%
2018 6. UCF QB McKenzie Milton
27%
2011 4. Wisconsin RB Montee Ball
27%
2010 7. Arkansas QB Ryan Mallett
27%
2014 7. Indiana RB Tevin Coleman
27%
2013 6. Auburn RB Tre Mason
27%
2013 7. Baylor QB Bryce Petty
20%
2014 10. Baylor QB Bryce Petty
20%
2010 8. Nevada QB Colin Kaepernick
20%
2023 8. Missouri RB Cody Schrader
13%
2018 10. Memphis RB Darrell Henderson
13%
2016 10. San Diego State RB Donnel Pumphrey
13%
2016 8. Texas RB D'Onta Foreman
13%
2016 6. Washington QB Jake Browning
13%
2014 9. Arizona LB Scooby Wright
13%
2013 10. Arizona RB Ka'Deem Carey
7%
2012 9. Oregon RB Kenjon Barner
7%
2010 10. Stanford RB/LB Owen Marecic
7%
No matching quizzes found
Score Distribution
Percent of People with Each Score
Percentile by Number Answered
Your Score History
You have not taken this quiz since the last reset